| 000 | 00356nam a2200145Ia 4500 | ||
|---|---|---|---|
| 008 | 230312s9999||||xx |||||||||||||| ||und|| | ||
| 020 | _a9781305950849 | ||
| 082 |
_a384.097 _bSTR-U |
||
| 100 | _aRyan,William | ||
| 245 | 0 | _aGraphic communications today | |
| 260 |
_bCengage _aUSA _c2018 |
||
| 300 | _a582 | ||
| 650 |
_aMass media _vMass media |
||
| 942 | _cBK | ||
| 999 |
_c17894 _d17894 |
||